01159cam a2200277 a 450000100100000000500170001000800410002702500190006803500190008704000260010604200120013208200190014410000310016324500480019426000650024230000270030759000660033465000290040065000310042991000340046004900090049495201170050395201220062095201220074299900170086400001496420200929163930.0830228s1967 ag 001 p spa  a(LACAP67-2225) a(OCoLC)9265231 aDO-SdBNPcICarbSdDLC apremarc aA861.44bC141t1 aCalabrese, Mabel E.93387810aTiempo ... y sentido /cMabel E. Calabrese. aBuenos Aires :bInternacional deArtes, Publicaciones,c1967. a84 p. :bil. ;c19 cm. aLa biblioteca posee un ejemplar autobiografiado por el autor. 4aPoesía argentina93859 4aLiteratura argentina93860 aCatalogación por copia / LC aBNGR 001050718MOaGRbGRcCTd2010-01-27iLF1l0oA861.44 C141tp14964-10r2020-06-25w2020-06-25y1ZNo se presta 001050718MOaGRbGRcCTd2010-04-27iLF1l0oA861.44 C141tp14964-20r2020-06-25te.2w2020-06-25y1ZNo se presta 001050718MOaGRbGRcCTd2010-04-29iLF1l0oA861.44 C141tp14964-30r2020-06-25te.3w2020-06-25y1ZNo se presta c14539d14539